000 00343nam a2200145Ia 4500
008 221030s9999 xx 000 0 und d
041 _aEnglish
082 _a105.23
_bBlo
100 _aN. Bloembergen
245 0 _aTopics in Nonlinear Optics
260 _bIndian Academy
_aBangalore
_c1982
300 _a291
650 _aPhysics
942 _cBK
999 _c1564
_d1564